000 01095nam a22003857a 4500
001 BR2014005107
003 BR-BrBNA
005 20230928104457.0
007 ta
008 230509b bl.||||| |||| 00| 0 por d
040 _aBR-BrBNA
_bpor
_cBiblioteca Nacional de Agricultura
041 _a(Por)
072 _aL01
_b5300
090 _ 5300 BR2014005107
100 1 _aFerreira, A.H.
100 1 _aCarraro, B.
100 1 _aDallanora, D.
100 1 _aMachado, G.
100 1 _aMachado, I.P.
100 1 _aPinheiro, R.
100 1 _aRohr, S.
110 1 _aAssociação Brasileira de Criadores de Suínos, Brasília, DF (Brasil)
_9837
245 1 _aProdução de suínos: teoria e prática
250 1 _a1. ed.
260 3 _aBrasília, DF (Brasil):
_c2014.
300 _a905 p.
500 _aIncludes several bibliographies; Summary (Por); 301 illus.; 73 graphs; 273 tables
650 _aPRODUÇÃO ANIMAL
650 _aSUÍNO
650 _aSUINOCULTURA
650 _aREPRODUÇÃO ANIMAL
650 _aMANEJO
909 _a202309
_bLucia
_c55
_dLucia Elande
942 _cBK
999 _c80135
_d80135